Fallen cradle : (Record no. 345346)
[ view plain ]
| 000 -LEADER | |
|---|---|
| fixed length control field | 00770nam a2200301Ia 4500 |
| 008 - FIXED-LENGTH DATA ELEMENTS--GENERAL INFORMATION | |
| fixed length control field | 171120s9999 xx 000 0 und d |
| 020 ## - INTERNATIONAL STANDARD BOOK NUMBER | |
| International Standard Book Number | 9712717321 |
| 050 ## - LIBRARY OF CONGRESS CALL NUMBER | |
| Classification number | 155.93 |
| 050 ## - LIBRARY OF CONGRESS CALL NUMBER | |
| Item number | P949 2006 |
| 100 ## - MAIN ENTRY--PERSONAL NAME | |
| Personal name | Prieto, Agnes |
| 245 ## - TITLE STATEMENT | |
| Title | Fallen cradle : |
| 245 ## - TITLE STATEMENT | |
| Remainder of title | parents on the loss of a child / |
| 245 ## - TITLE STATEMENT | |
| Statement of responsibility, etc | by Agnes Prieto ; with Ricardo M. de Ungria. |
| 260 ## - PUBLICATION, DISTRIBUTION, ETC. (IMPRINT) | |
| Place of publication, distribution, etc | Philippines : |
| 260 ## - PUBLICATION, DISTRIBUTION, ETC. (IMPRINT) | |
| Name of publisher, distributor, etc | Anvil, |
| 260 ## - PUBLICATION, DISTRIBUTION, ETC. (IMPRINT) | |
| Date of publication, distribution, etc | 2006 |
| 300 ## - PHYSICAL DESCRIPTION | |
| Extent | 159 pages : |
| 300 ## - PHYSICAL DESCRIPTION | |
| Other physical details | illustrations ; |
| 300 ## - PHYSICAL DESCRIPTION | |
| Dimensions | 22cm. |
| 650 ## - SUBJECT ADDED ENTRY--TOPICAL TERM | |
| Topical term or geographic name as entry element | Bereavement -- |
| 650 ## - SUBJECT ADDED ENTRY--TOPICAL TERM | |
| Topical term or geographic name as entry element | Bereavement. |
| 650 ## - SUBJECT ADDED ENTRY--TOPICAL TERM | |
| Topical term or geographic name as entry element | Children and death. |
| 650 ## - SUBJECT ADDED ENTRY--TOPICAL TERM | |
| Topical term or geographic name as entry element | Parent and child -- |
| 650 ## - SUBJECT ADDED ENTRY--TOPICAL TERM | |
| General subdivision | Grief. |
| 650 ## - SUBJECT ADDED ENTRY--TOPICAL TERM | |
| General subdivision | Psychological aspects. |
| 700 ## - ADDED ENTRY--PERSONAL NAME | |
| Personal name | de Ungria, Ricardo M. |
| 700 ## - ADDED ENTRY--PERSONAL NAME | |
| Personal name | Title. |
| Withdrawn status | Lost status | Damaged status | Home library | Current library | Date acquired | Total Checkouts | Full call number | Barcode | Date last seen | Price effective from | Koha item type |
|---|---|---|---|---|---|---|---|---|---|---|---|
| Stonyhurst Southville International School (Malarayat) | Stonyhurst Southville International School (Malarayat) | 11/20/2017 | FIL 155.93 P949 2006 | SSISM4390 | 11/20/2017 | 11/20/2017 | Books |